Διεθνείς Οικονομικοί Οργανισμοί (Record no. 3781)
[ view plain ]
| 000 -LEADER | |
|---|---|
| fixed length control field | 01697cam a22001934a 4500 |
| 005 - ΗΜΕΡΟΜΗΝΙΑ ΚΑΙ ΩΡΑ ΤΕΛΕΥΤΑΙΑΣ ΕΝΗΜΕΡΩΣΗΣ | |
| Πεδίο ελέγχου | 20250605164125.0 |
| 008 - FIXED-LENGTH DATA ELEMENTS--GENERAL INFORMATION | |
| Πεδίο ελέγχου σταθερού μήκους | 250528s ||||||||||||||||||||||||d |
| 035 ## - SYSTEM CONTROL NUMBER | |
| System control number | 18420 |
| 020 ## - ISBN | |
| ISBN | 9607306473 |
| 040 ## - ΠΗΓΗ ΚΑΤΑΛΟΓΟΓΡΑΦΗΣΗΣ | |
| Φορέας πρωτότυπης καταλογογράφησης | MC Athens Campus Library |
| Γλώσσα καταλογογράφησης | Ελληνικά, Μοντέρνα (1453-) |
| Modifying agency | MC Athens Campus Library |
| Κανόνες περιγραφικής καταλογογράφησης | AACR2 |
| 245 1# - ΤΙΤΛΟΣ ΚΑΙ ΔΗΛΩΣΗ ΥΠΕΥΘΥΝΟΤΗΤΑΣ | |
| Τίτλος | Διεθνείς Οικονομικοί Οργανισμοί |
| 260 ## - PUBLICATION, DISTRIBUTION, ETC. | |
| Name of publisher, distributor, etc. | Σταμούλης Α, |
| Date of publication, distribution, etc. | 1993 |
| 300 ## - PHYSICAL DESCRIPTION | |
| Extent | 192 |
| 520 ## - SUMMARY, ETC. | |
| Summary, etc. | Πρόλογος, Εισαγωγή στους Διεθνείς Οργανισμούς και στις Διεθνείς Οικονομικές Σχέσεις, Το Διεθνές Εμπόριο και οι Διεθνείς Οικονομικοί Οργανισμοί, Οι (Δυνητικά) Παγκόσμιοι Διεθνείς Οικονομικοί Οργανισμοί, Η Γενική Συμφωνία Δασμών και Εμπορίου - ΓΣΔΕ (General Agreement on Tarifs and Trade - GATT), Η Συνδιάσκεψη των Ηνωμένων Εθνών για το Εμπόριο και την Ανάπτυξη (United Nations Conference on Trade and Development - UNCTAD), Το Διεθνές Νομισματικό Ταμείο - ΔΝΤ (International Monetary Fund - IMF, Η Διεθνής Τράπεζα για την Ανοικοδόμηση και την Ανάπτυξη (International Bank for Reconstruction and Development -IBRD), Οι Περιφερειακού Χαρακτήρα Διεθνείς Οικονομικοί Οργανισμοί, Οι Περιφερειακοί Εμπορικοί και Οικονομικοί Συνασπισμοί. |
| 700 1# - ΠΡΟΣΘΕΤΗ ΑΝΑΓΡΑΦΗ--ΦΥΣΙΚΟ ΠΡΟΣΩΠΟ | |
| Personal name | Ζαχαριάδης-Σούρας Δημήτρης |
| 9 (RLIN) | 2771 |
| 942 ## - ADDED ENTRY ELEMENTS (KOHA) | |
| Koha item type | Books |
| Τύπος τεκμηρίου | Βιβλιοθήκη | Τρέχουσα τοποθεσία | Barcode | Αριθμός εισαγωγής | Ημερομηνία απόκτησης | Ταξιθετικό σύμβολο | Αριθμός αντιτύπου | Κατάσταση απόσυρσης | Κατάσταση χαμένου | Κατάσταση κατεστραμμένου | Μη δανεισμός | Σύνολο δανεισμών | Ημερομηνία τελευταίας εμφάνισης | Η τιμή ισχύει από |
|---|---|---|---|---|---|---|---|---|---|---|---|---|---|---|
| Books | MC Athens Campus Library | MC Athens Campus Library | 9780000037800 | 3098 | 05/06/2025 | 337.1 ZAH | 1 | 05/06/2025 | 05/06/2025 |